Zvesti z Komjatnej občasník - spravodaj obce Komjatná ; pre obyvateľov, rodákov a priateľov obce

Bibliographic Details
Format: Journal
Language:Slovak
PhysicalDescription:zv. 30 cm
Published: Komjatná Obecný úrad Komjatná 2015-
ISSN:2453-7152
Subjects:

MARC

LEADER 00000cas a2200000 a 4500
001 vtls011612040
003 SK-MaSNL
005 20260228164435.0
008 170217c20159999xo zr p 0 b0slo
022 |a 2453-7152 
040 |a SNK  |b slo  |c SNK  |e AACR2 
041 0 |a slo 
043 |a e-xo--- 
044 |a xo  |c SK 
072 7 |a 352/354  |x Stupne miestnej, oblastnej a ústrednej správy  |2 konspekt 
072 7 |a 316.7  |x Sociológia kultúry. Kultúrny život  |2 konspekt 
072 7 |a 394  |x Verejný a spoločenský život. Každodenný život  |2 konspekt 
080 |a 353.9  |2 2011 
080 |a 316.728  |2 2011 
080 |a 394  |2 2011 
080 |a 050  |2 2011 
080 |a (437.641)  |2 2011 
080 |a (051)+(054)  |2 2011 
210 0 |a Zvesti Komjatnej 
222 0 |a Zvesti z Komjatnej 
245 0 0 |a Zvesti z Komjatnej  |b občasník - spravodaj obce Komjatná ; pre obyvateľov, rodákov a priateľov obce 
260 |a Komjatná  |b Obecný úrad Komjatná  |c 2015- 
300 |a zv.  |c 30 cm 
310 |a Občasník (nepravidelne) 
500 |a Registračné č.: EV 5319/15 
650 0 7 |a územná samospráva  |2 SNKPH  |9 802 
650 0 7 |a každodenný život  |2 SNKPH  |9 4946 
651 7 |a Komjatná (Slovensko)  |2 SNKPHgeo  |9 117364 
655 7 |a miestne periodiká  |2 SNKPH  |9 160938 
910 |a snk 
999 |c 13620  |d 15550 
952 |0 0  |1 0  |4 0  |7 0  |8 0  |a SNK  |b SNK  |d 2022-10-28  |i snk2022/16474  |l 0  |o snkČSB 7769/2/2016  |p 17A1464128  |r 2026-02-21 20:04:10  |t č. 1-3  |w 2026-02-21  |y PREZ 
952 |0 0  |1 0  |4 0  |7 0  |8 0  |a SNK  |b SNK  |d 2022-10-28  |i snk2022/16475  |l 0  |o snkČSB 7769/3/2017  |p 17A1464127  |r 2026-02-21 20:04:10  |t č. 1-2  |w 2026-02-21  |y PREZ 
952 |0 0  |1 0  |4 0  |7 0  |8 0  |a SNK  |b SNK  |d 2022-10-28  |i snk2022/16476  |l 0  |o snkČSB 7769/4/2018  |p 17A1464126  |r 2026-02-21 20:04:10  |t č. 1-2  |w 2026-02-21  |y PREZ 
952 |0 0  |1 0  |4 0  |7 0  |8 0  |a SNK  |b SNK  |d 2022-10-28  |i snk2022/16477  |l 0  |o snkČSB 7769/5/2019  |p 17A1464125  |r 2026-02-21 20:04:10  |t č. 1-3  |w 2026-02-21  |y PREZ 
952 |0 0  |1 0  |4 0  |7 0  |8 0  |a SNK  |b SNK  |d 2022-10-28  |i snk2022/16478  |l 0  |o snkČSB 7769/6/2020  |p 17A1464124  |r 2026-02-21 20:04:10  |t č. 1-2  |w 2026-02-21  |y PREZ